[Event "Moscow op-A 18th"]
[Site "Moscow"]
[Date "2022.07.15"]
[Round "2"]
[White "Mochalin, Faddey"]
[Black "Shuvalova, Polina"]
[Result "0-1"]
[WhiteElo "2107"]
[BlackElo "2498"]
[PlyCount "66"]
[EventDate "2022.07.14"]
[EventType "swiss"]
[EventRounds "9"]
[EventCountry "RUS"]
[SourceTitle "CBM 209 Extra"]
[Source "ChessBase"]
[SourceDate "2022.09.30"]
[SourceVersion "1"]
[SourceVersionDate "2022.09.30"]
[SourceQuality "1"]

1. Nf3 d5 2. b3 Nf6 3. Bb2 c5 4. e3 a6 5. c4 e6 6. g3 Nc6 7. cxd5 exd5 8. Bg2 Bf5 9. a3 Bd3 10. Bf1 Bxf1 11. Kxf1 d4 12. Kg2 Be7 13. Re1 Qd5 14. exd4 cxd4 15. d3 0-0 16. Nbd2 a5 17. Kg1 Rfe8 18. Ne4 Nd7 19. Rc1 Rac8 20. Ned2 Bf8 21. Rxe8 Rxe8 22. Qf1 Nc5 23. Rc4 b5 24. Rc2 Nxb3 25. Ne4 f5 26. Ned2 a4 27. Nxb3 Qxf3 28. Nxd4 Nxd4 29. Bxd4 Bxa3 30. Rc7 Bf8 31. Qa1 Re2 32. Bc5 Rd2 33. Rc8 Rd1+ 0-1

[Event "Chigorin Memorial 28th"]
[Site "St Petersburg"]
[Date "2021.10.28"]
[Round "6"]
[White "Mochalin, Faddey"]
[Black "Zhapova, Yana"]
[Result "1/2-1/2"]
[WhiteElo "2076"]
[BlackElo "2315"]
[PlyCount "54"]
[EventDate "2021.10.23"]
[EventType "swiss"]
[EventRounds "9"]
[EventCountry "RUS"]
[SourceTitle "EXT 2023"]
[Source "ChessBase"]
[SourceDate "2022.10.05"]
[SourceVersion "1"]
[SourceVersionDate "2022.10.05"]
[SourceQuality "1"]

1. d4 d5 2. c4 e6 3. Nf3 c6 4. e3 Nf6 5. Bd3 dxc4 6. Bxc4 Nbd7 7. b3 Bd6 8. Bb2 0-0 9. 0-0 b5 10. Bd3 Bb7 11. e4 Be7 12. Nbd2 a6 13. Qe2 c5 14. Rad1 Rc8 15. Rfe1 Qb6 16. h3 Rfd8 17. a3 Nf8 18. e5 Nd5 19. g3 cxd4 20. Bxd4 Qc7 21. Ra1 Nc3 22. Qe3 Nd5 23. Qe2 Qb8 24. b4 Nc3 25. Qe3 Nd5 26. Qe2 Nc3 27. Qe3 Nd5 1/2-1/2

[Event "RUS-ch Rapid"]
[Site "Sochi"]
[Date "2021.10.12"]
[Round "1"]
[White "Alekseev, Evgeny V"]
[Black "Mochalin, Faddey"]
[Result "1-0"]
[WhiteElo "2602"]
[BlackElo "2076"]
[PlyCount "63"]
[EventDate "2021.10.12"]
[EventType "swiss (rapid)"]
[EventRounds "11"]
[EventCountry "RUS"]
[SourceTitle "CBM 204 Extra"]
[Source "ChessBase"]
[SourceDate "2021.11.30"]
[SourceVersion "1"]
[SourceVersionDate "2021.11.30"]
[SourceQuality "1"]

1. e4 e6 2. d4 d5 3. Bd3 dxe4 4. Bxe4 Nf6 5. Bf3 c5 6. Ne2 Nc6 7. Be3 cxd4 8. Nxd4 Ne5 9. Nc3 a6 10. Qe2 Nxf3+ 11. Qxf3 Bb4 12. 0-0-0 Bxc3 13. Nc6 Qc7 14. Rd8+ Qxd8 15. Nxd8 0-0 16. Rd1 Be5 17. Bc5 Re8 18. g4 h6 19. h4 g5 20. hxg5 hxg5 21. Be3 Bd7 22. Rxd7 Raxd8 23. Rxd8 Rxd8 24. Bxg5 Kg7 25. c3 Rd7 26. Kc2 Nd5 27. Qe4 Bd6 28. Bd2 Nf6 29. Qe2 Bc5 30. f4 Rd5 31. c4 Rd7 32. g5 1-0

[Event "Cheliabinsk Panchenko Memorial op-A"]
[Site "Cheliabinsk"]
[Date "2021.09.19"]
[Round "8"]
[White "Usov, Aleksandr E"]
[Black "Mochalin, Faddey"]
[Result "1-0"]
[WhiteElo "2318"]
[BlackElo "2138"]
[PlyCount "149"]
[EventDate "2021.09.13"]
[EventType "swiss"]
[EventRounds "10"]
[EventCountry "RUS"]
[SourceTitle "CBM 204 Extra"]
[Source "ChessBase"]
[SourceDate "2021.11.30"]
[SourceVersion "1"]
[SourceVersionDate "2021.11.30"]
[SourceQuality "1"]

1. c4 e6 2. d4 d5 3. Nc3 c6 4. Nf3 dxc4 5. g3 b5 6. Bg2 Bb7 7. 0-0 Nf6 8. Ne5 a6 9. a4 Qc8 10. e4 Be7 11. Be3 Nbd7 12. Rc1 0-0 13. f4 Qc7 14. Qe2 Rad8 15. Bf2 Nb6 16. Ng4 Rde8 17. Be3 Nxg4 18. Qxg4 f5 19. Qe2 Kh8 20. Qf2 Nd7 21. Rfd1 Nf6 22. h3 Qb8 23. e5 Nd5 24. Nxd5 exd5 25. g4 Bc8 26. g5 bxa4 27. Ra1 Qb3 28. Bf3 Bd7 29. Rdb1 Qb4 30. Bd2 Qb6 31. Be3 Qa5 32. Qc2 c5 33. Qc3 Qc7 34. Bxd5 Bb5 35. Bf3 cxd4 36. Bxd4 Rd8 37. Rd1 a5 38. Kg2 Bb4 39. Qe3 Qe7 40. h4 Rd7 41. h5 Qe6 42. Bc5 Rfd8 43. Rxd7 Qxd7 44. Rd1 Bd2 45. Qf2 a3 46. e6 Qxe6 47. Rxd2 Rxd2 48. Qxd2 a2 49. Qxa5 Bc6 50. Kf2 h6 51. Bxc6 hxg5 52. Qa8+ Kh7 53. fxg5 Qe5 54. Be3 Qh2+ 55. Bg2 f4 56. Qe4+ Kh8 57. Qe8+ Kh7 58. Qe4+ Kh8 59. Qa8+ Kh7 60. Bd4 Qg3+ 61. Kf1 Qd3+ 62. Ke1 Qg3+ 63. Bf2 Qxg2 64. Qxg2 a1Q+ 65. Ke2 Qxb2+ 66. Kf1 Qb1+ 67. Be1 c3 68. Qd5 f3 69. Kf2 Kh8 70. Bxc3 Qb8 71. Qe5 Qa7+ 72. Kxf3 Qf7+ 73. Kg4 Qc4+ 74. Bd4 Qc8+ 75. Kg3 1-0

[Event "Moscow op-A 17th"]
[Site "Moscow"]
[Date "2021.02.27"]
[Round "8"]
[White "Kavyev, Ruslan"]
[Black "Mochalin, Faddey"]
[Result "0-1"]
[WhiteElo "2339"]
[BlackElo "2110"]
[PlyCount "94"]
[EventDate "2021.02.20"]
[EventType "swiss"]
[EventRounds "9"]
[EventCountry "RUS"]
[SourceTitle "EXT 2022"]
[Source "ChessBase"]
[SourceDate "2021.10.06"]
[SourceVersion "1"]
[SourceVersionDate "2021.10.06"]
[SourceQuality "1"]

1. e4 e6 2. d4 d5 3. e5 c5 4. c3 Qb6 5. Nf3 Nc6 6. a3 Bd7 7. b4 cxd4 8. cxd4 Rc8 9. Bb2 Na5 10. Nbd2 Nc4 11. Bxc4 dxc4 12. Rc1 Qa6 13. 0-0 b5 14. Ng5 Bc6 15. Qh5 g6 16. Qh3 Ne7 17. Rc3 Nf5 18. Nde4 Be7 19. Rcc1 h6 20. d5 Bxg5 21. f4 Bxd5 22. Nd6+ Kd7 23. fxg5 hxg5 24. Qg4 Qb6+ 25. Rf2 Rh4 26. Qxg5 Rxh2 27. Nxc8 Kxc8 28. Kxh2 Qxf2 29. Bc3 Bxg2 30. Be1 Qf3 31. Rc3 Qe2 32. Qxg2 Qxe5+ 33. Rg3 Qxe1 34. Rh3 Qe5+ 35. Kg1 Kc7 36. Rh7 Qd4+ 37. Kh2 Qf4+ 38. Kg1 Ne3 39. Qa8 Qg3+ 40. Kh1 Qe1+ 41. Kh2 Qf2+ 42. Kh1 Qf1+ 43. Kh2 Ng4+ 44. Kg3 Qg1+ 45. Kf4 g5+ 46. Kxg5 Ne3+ 47. Kh6 Qg6# 0-1

[Event "Moscow op-A 17th"]
[Site "Moscow"]
[Date "2021.02.24"]
[Round "5"]
[White "Mochalin, Faddey"]
[Black "Khripachenko, Alexander"]
[Result "1-0"]
[WhiteElo "2110"]
[BlackElo "1825"]
[PlyCount "221"]
[EventDate "2021.02.20"]
[EventType "swiss"]
[EventRounds "9"]
[EventCountry "RUS"]
[SourceTitle "CBM 200 Extra"]
[Source "ChessBase"]
[SourceDate "2021.03.31"]
[SourceVersion "1"]
[SourceVersionDate "2021.03.31"]
[SourceQuality "1"]

1. c4 Nf6 2. Nc3 d5 3. cxd5 Nxd5 4. e4 Nb4 5. d3 e5 6. Be2 N4c6 7. Nf3 Bg4 8. Be3 Bxf3 9. Bxf3 Nd4 10. 0-0 Nbc6 11. Rc1 Bd6 12. Bg4 0-0 13. Kh1 Kh8 14. g3 Nb4 15. a3 Na6 16. f4 c6 17. Ne2 c5 18. Nxd4 exd4 19. Bd2 Qb6 20. e5 Be7 21. Qc2 f5 22. Bf3 Rac8 23. Rb1 Rfd8 24. Qc4 Qc7 25. Rfc1 Qd7 26. Qf7 b5 27. e6 Qd6 28. Qxf5 g6 29. Qe4 c4 30. Qe2 Nc5 31. dxc4 Nb3 32. Bb4 Qc7 33. Bxe7 Qxe7 34. Qe5+ Qg7 35. e7 Re8 36. Re1 Qxe5 37. Rxe5 bxc4 38. Bd5 Rc7 39. Rd1 Kg7 40. g4 a5 41. f5 Rcxe7 42. Rxe7+ Rxe7 43. Bxc4 a4 44. Bb5 gxf5 45. Bxa4 Nc5 46. Bb5 Rb7 47. a4 fxg4 48. Rxd4 Nxa4 49. Bxa4 Rxb2 50. Rxg4+ Kf6 51. Rh4 Kg7 52. Bc6 Re2 53. Be4 h6 54. Kg1 Rd2 55. Rg4+ Kf7 56. Bg2 Kf6 57. h4 Kf5 58. Bh3 Ke5 59. Rg3 Rd4 60. h5 Rh4 61. Kf2 Rxh5 62. Bg2 Rf5+ 63. Bf3 Rf6 64. Rh3 Rb6 65. Kg3 Rg6+ 66. Bg4 Rb6 67. Kh4 Ke4 68. Kh5 Rd6 69. Rb3 Rf6 70. Bd7 Rd6 71. Be8 Kf5 72. Bg6+ Kf4 73. Rb4+ Ke5 74. Re4+ Kd5 75. Re1 Rf6 76. Kxh6 Rf2 77. Kg5 Kd4 78. Bf5 Rb2 79. Kf6 Rb6+ 80. Be6 Rb2 81. Rd1+ Ke4 82. Bd5+ Kf4 83. Rf1+ Ke3 84. Ke5 Rb8 85. Rf3+ Ke2 86. Rc3 Kd2 87. Kd4 Rb4+ 88. Bc4 Rb8 89. Rd3+ Kc2 90. Rh3 Rd8+ 91. Bd5 Rd7 92. Rh2+ Kc1 93. Kc4 Rc7+ 94. Kb3 Rg7 95. Be4 Rg3+ 96. Kc4 Ra3 97. Bd3 Ra7 98. Kb3 Rb7+ 99. Kc3 Rc7+ 100. Bc4 Rd7 101. Rh8 Rd6 102. Ra8 Rb6 103. Re8 Rd6 104. Rb8 Rh6 105. Rb5 Rh8 106. Rf5 Rd8 107. Re5 Rd7 108. Re8 Rd6 109. Bb5 Rd5 110. Bd3 Kd1 111. Bc2+ 1-0

[Event "Moscow op-A 17th"]
[Site "Moscow"]
[Date "2021.02.23"]
[Round "4"]
[White "Shturman, Arseniy"]
[Black "Mochalin, Faddey"]
[Result "1/2-1/2"]
[WhiteElo "1782"]
[BlackElo "2110"]
[PlyCount "100"]
[EventDate "2021.02.20"]
[EventType "swiss"]
[EventRounds "9"]
[EventCountry "RUS"]
[SourceTitle "CBM 200 Extra"]
[Source "ChessBase"]
[SourceDate "2021.03.31"]
[SourceVersion "1"]
[SourceVersionDate "2021.03.31"]
[SourceQuality "1"]

1. e4 e6 2. d4 d5 3. e5 c5 4. c3 Qb6 5. Nf3 Nc6 6. a3 Bd7 7. b4 cxd4 8. cxd4 Rc8 9. Be3 Nh6 10. Be2 Nf5 11. 0-0 Be7 12. Nbd2 a5 13. bxa5 Nxa5 14. Rb1 Qa7 15. Bb5 Bxb5 16. Rxb5 0-0 17. Qa4 Ra8 18. Rc1 Qa6 19. g4 Nxe3 20. fxe3 Bxa3 21. Ra1 Nc4 22. Qxa6 bxa6 23. Rb7 Bb2 24. Ra2 Bc1 25. Kf2 f5 26. gxf5 Bxd2 27. Nxd2 Rxf5+ 28. Ke2 Raf8 29. Kd3 Rf2 30. Rc2 Rxh2 31. Nxc4 Rxc2 32. Kxc2 dxc4 33. Re7 h5 34. Rxe6 h4 35. Rxa6 h3 36. Kc3 h2 37. Ra1 g5 38. Rh1 Rf2 39. d5 Kf7 40. e6+ Ke7 41. Kd4 Kd6 42. e4 Rd2+ 43. Kc3 Re2 44. Kd4 g4 45. e5+ Rxe5 46. Rxh2 Rxd5+ 47. Kxc4 Ra5 48. Kd4 Ra4+ 49. Ke3 Kxe6 50. Rh5 Kf6 1/2-1/2

[Event "Khanty-Mansiysk Governor Cup 16th"]
[Site "Khanty-Mansiysk"]
[Date "2020.12.06"]
[Round "7"]
[White "Mochalin, Faddey"]
[Black "Oliinyk, Serafym"]
[Result "1-0"]
[WhiteElo "2196"]
[BlackElo "2042"]
[PlyCount "77"]
[EventDate "2020.11.30"]
[EventType "swiss"]
[EventRounds "9"]
[EventCountry "RUS"]
[SourceTitle "CBM 199 Extra"]
[Source "ChessBase"]
[SourceDate "2021.01.31"]
[SourceVersion "1"]
[SourceVersionDate "2021.01.31"]
[SourceQuality "1"]

1. e4 e5 2. Nf3 Nc6 3. Bc4 Nf6 4. d3 h6 5. 0-0 g6 6. d4 Qe7 7. Nc3 d6 8. Nd5 Qd8 9. dxe5 dxe5 10. Qe2 Bg7 11. Rd1 Nd7 12. b3 0-0 13. Ba3 Re8 14. c3 a6 15. b4 b5 16. Bb3 Ne7 17. Ne3 Rf8 18. Rd2 Qe8 19. c4 Nf6 20. Nd5 bxc4 21. Nxc7 Qc6 22. Nxa8 Qxa8 23. b5 cxb3 24. Bxe7 Re8 25. Bxf6 b2 26. Rxb2 Bxf6 27. b6 Bb7 28. Re1 Be7 29. Nxe5 Bc5 30. Ng4 Bd4 31. Qd2 Rd8 32. Rb3 Bxe4 33. b7 Bxb7 34. Rd3 h5 35. Rxd4 Rxd4 36. Nf6+ Kg7 37. Qxd4 Bxg2 38. Ne8+ Kh6 39. Qf4+ 1-0

[Event "Moscow Aeroflot op-B"]
[Site "Moscow"]
[Date "2020.02.24"]
[Round "6"]
[White "Zhukova, Natalia"]
[Black "Mochalin, Faddey"]
[Result "0-1"]
[WhiteElo "2338"]
[BlackElo "2174"]
[PlyCount "170"]
[EventDate "2020.02.19"]
[EventType "swiss"]
[EventRounds "9"]
[EventCountry "RUS"]
[SourceTitle "CBM 195"]
[Source "ChessBase"]
[SourceDate "2020.04.30"]
[SourceVersion "1"]
[SourceVersionDate "2020.04.30"]
[SourceQuality "1"]

1. d4 e6 2. c4 d5 3. Nf3 c6 4. Nc3 dxc4 5. e3 b5 6. a4 Bb4 7. Bd2 a5 8. axb5 Bxc3 9. Bxc3 cxb5 10. b3 Bb7 11. bxc4 b4 12. Bb2 Nf6 13. c5 0-0 14. Bb5 Bc6 15. Ba4 Qc7 16. 0-0 Nbd7 17. Nd2 Rfd8 18. Nb3 Ne5 19. Qe2 Bxa4 20. Rxa4 Nc6 21. e4 h6 22. Rd1 Qd7 23. Rda1 e5 24. dxe5 Qd3 25. Qxd3 Rxd3 26. Nxa5 Nxe4 27. Kf1 Nxc5 28. R1a2 Nxa5 29. Rxa5 Rxa5 30. Rxa5 Nb3 31. Ra8+ Kh7 32. e6 fxe6 33. Be5 Rd5 34. f4 Nd2+ 35. Kf2 b3 36. Rb8 g5 37. Ke2 Kg6 38. g4 Nc4 39. Rxb3 Rd2+ 40. Ke1 Rd5 41. Kf2 Nxe5 42. fxe5 Rxe5 43. Rb4 Rc5 44. Rb8 Rc7 45. Re8 Kf6 46. Rh8 Kg7 47. Re8 Rc6 48. Re7+ Kg6 49. Kf3 h5 50. gxh5+ Kxh5 51. Re8 Kg6 52. Kg3 Rc3+ 53. Kg4 Rc4+ 54. Kg3 Re4 55. Kf3 Rf4+ 56. Kg3 Kf7 57. Rd8 Rc4 58. h3 Rb4 59. Rc8 Rh4 60. Rd8 e5 61. Rd6 Rf4 62. Rb6 e4 63. Rb5 Kg6 64. Re5 Kf6 65. Re8 Rf3+ 66. Kg4 Rf4+ 67. Kg3 Kf5 68. Kg2 Rh4 69. Rf8+ Ke5 70. Kg3 Rh6 71. Kg4 e3 72. Kf3 Rxh3+ 73. Ke2 Ke4 74. Re8+ Kf4 75. Rf8+ Kg4 76. Re8 Kh4 77. Rh8+ Kg3 78. Re8 Kg2 79. Rg8 Rg3 80. Rg7 g4 81. Rg8 Kh2 82. Rg7 Rg1 83. Kxe3 g3 84. Ke2 Ra1 85. Kf3 Ra3+ 0-1

[Event "Moscow Aeroflot op-B"]
[Site "Moscow"]
[Date "2020.02.20"]
[Round "2"]
[White "Mochalin, Faddey"]
[Black "Zhukov, Anton"]
[Result "0-1"]
[WhiteElo "2174"]
[BlackElo "2316"]
[PlyCount "114"]
[EventDate "2020.02.19"]
[EventType "swiss"]
[EventRounds "9"]
[EventCountry "RUS"]
[SourceTitle "CBM 195"]
[Source "ChessBase"]
[SourceDate "2020.04.30"]
[SourceVersion "1"]
[SourceVersionDate "2020.04.30"]
[SourceQuality "1"]

1. e4 c5 2. Nf3 d6 3. d4 cxd4 4. Nxd4 Nf6 5. Nc3 a6 6. h3 e5 7. Nde2 h5 8. g3 Be7 9. Bg2 Nbd7 10. a4 b6 11. Nd5 Nxd5 12. Qxd5 Rb8 13. Nc3 h4 14. g4 Bb7 15. Qd1 Nc5 16. Nd5 0-0 17. b4 Ne6 18. Nxe7+ Qxe7 19. 0-0 Rbc8 20. Be3 Qc7 21. Qd2 Rfd8 22. Rfc1 b5 23. Qd3 Qc4 24. axb5 Qxd3 25. cxd3 axb5 26. Rxc8 Rxc8 27. Ra7 Bc6 28. Ra6 g5 29. Kf1 Kf8 30. Ke1 f6 31. Bf3 Ke7 32. Bd1 Bd7 33. Kd2 Nd4 34. Ra7 Nc6 35. Rb7 Nxb4 36. Bb3 Na6 37. Bd5 Nc5 38. Rb6 Rc7 39. Bxc5 dxc5 40. Ra6 Bc8 41. Ra5 b4 42. f3 Be6 43. Bxe6 Kxe6 44. Ra6+ Ke7 45. Ra5 Kd6 46. Ra4 Rc6 47. Ra7 c4 48. dxc4 Rxc4 49. Rf7 Ke6 50. Rb7 Rc3 51. Rb6+ Kf7 52. Rb7+ Kg6 53. Ke2 b3 54. Kf2 Rc2+ 55. Ke3 b2 56. Kd3 Rf2 57. Ke3 Rh2 0-1

[Event "Moscow op-A 16th"]
[Site "Moscow"]
[Date "2020.01.30"]
[Round "6"]
[White "Mochalin, Faddey"]
[Black "Grachev, Alexey1"]
[Result "1/2-1/2"]
[WhiteElo "2174"]
[BlackElo "2301"]
[PlyCount "106"]
[EventDate "2020.01.25"]
[EventType "swiss"]
[EventRounds "9"]
[EventCountry "RUS"]
[SourceTitle "CBM 194 Extra"]
[Source "ChessBase"]
[SourceDate "2020.03.31"]
[SourceVersion "1"]
[SourceVersionDate "2020.03.31"]
[SourceQuality "1"]

1. d4 Nf6 2. c4 g6 3. f3 c5 4. d5 e6 5. e4 d6 6. Bd3 exd5 7. cxd5 Bg7 8. Ne2 0-0 9. Nd2 b6 10. 0-0 Ba6 11. Qb3 Nfd7 12. Bxa6 Nxa6 13. Nc4 Ne5 14. a4 Nxc4 15. Qxc4 Nc7 16. Qc2 Qe7 17. Ng3 h5 18. Bd2 h4 19. Nh1 h3 20. Ng3 hxg2 21. Kxg2 Ne8 22. Bc3 Qh4 23. Rae1 Nf6 24. Rg1 Nh5 25. Kh1 Rae8 26. Bxg7 Nxg3+ 27. Rxg3 Kxg7 28. Qc3+ Qf6 29. f4 Qxc3 30. bxc3 Rh8 31. Kg2 Rh4 32. Rf3 f6 33. h3 Rh5 34. c4 Re7 35. Rg3 Rh4 36. Rg4 Rxg4+ 37. hxg4 Re8 38. Kf3 Rf8 39. Rb1 Kf7 40. Rb2 Rh8 41. a5 Rh3+ 42. Kg2 Re3 43. axb6 axb6 44. Rxb6 Rxe4 45. Kf3 Rxc4 46. Rxd6 Rd4 47. Rd7+ Kf8 48. d6 c4 49. Ke3 Rd1 50. Rc7 Rd3+ 51. Ke4 Rxd6 52. Rxc4 Rd7 53. Rd4 Re7+ 1/2-1/2

[Event "Khanty-Mansiysk Governor Cup 15th"]
[Site "Khanty-Mansiysk"]
[Date "2019.11.19"]
[Round "1"]
[White "Khanin, Semen"]
[Black "Mochalin, Faddey"]
[Result "1-0"]
[WhiteElo "2503"]
[BlackElo "2188"]
[PlyCount "66"]
[EventDate "2019.11.19"]
[EventType "swiss"]
[EventRounds "9"]
[EventCountry "RUS"]
[SourceTitle "CBM 193 Extra"]
[Source "ChessBase"]
[SourceDate "2020.01.31"]
[SourceVersion "1"]
[SourceVersionDate "2020.01.31"]
[SourceQuality "1"]

1. e4 e6 2. d4 d5 3. e5 c5 4. c3 Qb6 5. Nf3 Nc6 6. a3 Bd7 7. b4 cxd4 8. cxd4 Rc8 9. Bb2 Na5 10. Nbd2 Nc4 11. Nxc4 dxc4 12. Rc1 Qa6 13. d5 exd5 14. Qxd5 Ne7 15. Qd2 b5 16. Be2 Be6 17. Nd4 Rd8 18. Nxe6 Qxe6 19. Qe3 a6 20. 0-0 g6 21. Rcd1 Rxd1 22. Rxd1 Bg7 23. g4 0-0 24. Rd6 Qc8 25. Bc3 Rd8 26. Bf3 h5 27. Qg5 Kf8 28. gxh5 gxh5 29. Bxh5 Re8 30. Rf6 Bxf6 31. exf6 Nf5 32. Bg4 Rd8 33. Qh5 Ke8 1-0

[Event "RUS-chT rapid"]
[Site "Sochi"]
[Date "2019.10.18"]
[Round "1.3"]
[White "Faizrakhmanov, Ramil"]
[Black "Mochalin, Faddey"]
[Result "1-0"]
[WhiteElo "2434"]
[BlackElo "2199"]
[PlyCount "71"]
[EventDate "2019.10.18"]
[EventType "team-swiss (rapid)"]
[EventRounds "9"]
[EventCountry "RUS"]
[SourceTitle "CBM 192 Extra"]
[Source "Chessbase"]
[SourceDate "2019.11.06"]
[SourceVersion "1"]
[SourceVersionDate "2019.11.06"]
[SourceQuality "1"]
[WhiteTeam "Rook (Kazan)"]
[BlackTeam "Manipoulus (Sam, Mosk, Nizhny)"]
[WhiteTeamCountry "RUS"]
[BlackTeamCountry "RUS"]

1. d4 d5 2. c4 e6 3. Nf3 Nf6 4. Nc3 c6 5. e3 Nbd7 6. Qc2 Bd6 7. b3 0-0 8. Be2 b6 9. 0-0 Bb7 10. Bb2 Qe7 11. Rfd1 Rad8 12. h3 Rfe8 13. e4 dxe4 14. Nxe4 Nxe4 15. Qxe4 Nf6 16. Qh4 Nd7 17. Qe4 Nf6 18. Qe3 c5 19. Ne5 Qc7 20. Bf3 Bxf3 21. Nxf3 h6 22. Rd3 Rd7 23. Rad1 Red8 24. d5 Bf4 25. Qe2 exd5 26. Bxf6 gxf6 27. Rxd5 Rxd5 28. cxd5 Qd7 29. Qe4 Bd6 30. Nh4 Bf8 31. Nf5 Qe8 32. Qg4+ Kh7 33. Rd3 Qe1+ 34. Kh2 Bd6+ 35. Nxd6 Rxd6 36. Rg3 1-0

[Event "RUS-ch rapid"]
[Site "Sochi"]
[Date "2019.10.15"]
[Round "1"]
[White "Savchenko, Boris"]
[Black "Mochalin, Faddey"]
[Result "1-0"]
[WhiteElo "2581"]
[BlackElo "2070"]
[PlyCount "93"]
[EventDate "2019.10.15"]
[EventType "swiss"]
[EventRounds "11"]
[EventCountry "RUS"]
[SourceTitle "CBM 192 Extra"]
[Source "Chessbase"]
[SourceDate "2019.11.06"]
[SourceVersion "1"]
[SourceVersionDate "2019.11.06"]
[SourceQuality "1"]

1. e4 e6 2. d4 d5 3. Nc3 Nf6 4. Bg5 dxe4 5. Nxe4 Be7 6. Bxf6 Bxf6 7. c3 0-0 8. f4 Nd7 9. Nf3 b6 10. Qc2 c5 11. 0-0-0 Qc7 12. g3 Bb7 13. Bg2 Rfd8 14. dxc5 bxc5 15. Nxf6+ Nxf6 16. Ne5 Nd5 17. Rhe1 Qa5 18. a3 Qc7 19. c4 Nf6 20. Bxb7 Qxb7 21. Qf2 Ne4 22. Qe2 f5 23. Rxd8+ Rxd8 24. Rd1 Qc7 25. Rxd8+ Qxd8 26. Qd3 Qxd3 27. Nxd3 Kf8 28. Kc2 g5 29. Kb3 g4 30. Ka4 Nd2 31. Kb5 Nf1 32. Kxc5 Nxh2 33. Kd6 Nf1 34. Kd7 Nxg3 35. c5 Ne4 36. c6 Nf6+ 37. Kxe6 Ne8 38. Ne1 g3 39. b4 a6 40. a4 h6 41. Ng2 h5 42. Nh4 Ng7+ 43. Kd7 Ne8 44. b5 axb5 45. axb5 Kf7 46. c7 Nf6+ 47. Kc6 1-0

[Event "Chigorin Memorial 27th"]
[Site "St Petersburg"]
[Date "2019.10.08"]
[Round "4"]
[White "Mochalin, Faddey"]
[Black "Volkov, Sergey"]
[Result "0-1"]
[WhiteElo "2173"]
[BlackElo "2557"]
[PlyCount "59"]
[EventDate "2019.10.05"]
[EventType "swiss"]
[EventRounds "9"]
[EventCountry "RUS"]
[SourceTitle "EXT 2020"]
[Source "ChessBase"]
[SourceDate "2019.10.17"]
[SourceVersion "1"]
[SourceVersionDate "2019.10.17"]
[SourceQuality "1"]

1. d4 d5 2. c4 c6 3. Nc3 dxc4 4. e3 b5 5. a4 b4 6. Ne4 Qd5 7. Nd2 Ba6 8. Qc2 c3 9. bxc3 Bxf1 10. Kxf1 e5 11. c4 Qe6 12. Bb2 Nd7 13. Ngf3 f6 14. Ne4 Be7 15. h4 Nb6 16. Ned2 exd4 17. exd4 a5 18. Rh3 Nh6 19. Re1 Qd7 20. Ng5 fxg5 21. hxg5 Nf5 22. g4 0-0 23. gxf5 Bxg5 24. c5 Bxd2 25. Qxd2 Qxf5 26. Rg3 Nd5 27. Re5 Qf6 28. Qe2 Ra7 29. Re6 Qf5 30. Rxc6 0-1